000 00720nam a22002297a 4500
005 20170124110013.0
010 _aA-079707
020 _c00.00
035 _aA-079707
037 _bCen Lib/Ret
040 _aDPL
_bEN
082 _a332
_bPAT
100 _aPatnaik, S.C.
_918231
245 _aSupply and demand for money :
_cby S.C.Patnaik
_ban equilibrium analysis /
260 _aNew Delhi
_bSterling Publishers
_c1982
270 _bNew Delhi
_aAB/9, Safdarjang Enclave
_e110029
300 _aviii,152p. :
_c18cm(Hb)
_bill.
500 _aIncludes bibliographical references and index
650 _aMonetary economics.
_918232
650 _aMoney supply.
_z
_918233
942 _2ddc
_cEN
_h332
_mPAT
999 _c126700
_d126700